000 00601nam a2200181 a 4500
001 4879
003 CO-ViMGA
008 141112s2004 ck r 000 u spa d
040 _aCO-ViMGA
_bspa
_cCO-ViMGA
082 0 4 _aR616.96 P171
245 1 0 _aParasitología
260 _aBarcelona :
_bIdea Books,
_c1997
300 _a90 p : il
490 _aAtlas temático
505 _aLos parásitos animales Los protozoos parásitos Los platelmintos parásitos Los nematodos parásitos Los acantocefalos Los pentastómidos La lucha antiparasitaria
650 1 4 _aPARASITOLOGIA - ATLAS
_93061
942 _2ddc
_cBK
999 _c16885
_d16885